Derecho administrativo provincial y municipal o tratado general teórico-práctico de las Atribuciones de las Diputaciones Provinciales y los Ayuntamientos / (Record no. 19594)

MARC details
000 -LEADER
campo de control de longitud fija 00567nam a2200169 i 4500
001 - NÚMERO DE CONTROL
campo de control 19594
003 - IDENTIFICADOR DE NÚMERO DE CONTROL
campo de control ES-MaACL
005 - FECHA Y HORA DE LA ÚLTIMA TRANSACCIÓN
campo de control 20230906152129.0
007 - CAMPO FIJO DE DESCRIPCIÓN FÍSICA--INFORMACIÓN GENERAL
campo de control de longitud fija t|
008 - DATOS DE LONGITUD FIJA--INFORMACIÓN GENERAL
campo de control de longitud fija 021004m18771880sp ||||1| spa d
100 1# - ENTRADA PRINCIPAL--NOMBRE DE PERSONA
Nombre de persona Abella, Fermín.
9 (RLIN) 198007
245 10 - MENCIÓN DEL TÍTULO
Título Derecho administrativo provincial y municipal o tratado general teórico-práctico de las Atribuciones de las Diputaciones Provinciales y los Ayuntamientos /
Mención de responsabilidad, etc. Fermín Abella.
260 ## - PUBLICACIÓN, DISTRIBUCIÓN, ETC.
Lugar de publicación, distribución, etc. Madrid :
Nombre del editor, distribuidor, etc. R. de Riva,
Fecha de publicación, distribución, etc. 1877-80.
300 ## - DESCRIPCIÓN FÍSICA
Extensión 6 v. ;
Dimensiones 28 cm.
852 ## - LOCALIZACIÓN
Ubicación ES-MaACL
Número de control de estantería B-1030-35
Holdings
Estatus retirado Estado de pérdida Estado de daño No para préstamo Colección Biblioteca de origen Biblioteca actual Ubicación en estantería Fecha de adquisición Fuente de adquisición Total de préstamos Signatura topográfica completa Código de barras Visto por última vez Precio de reemplazo Tipo de ítem Koha
        Libros del s. XIX Biblioteca del Ateneo de Madrid Biblioteca del Ateneo de Madrid Sala Pardo Bazán 17/01/2008     B-1030-35 1020047 23/02/2023 23/02/2023 Libro impreso antiguo